000 00412nam a2200181Ia 4500
001 4283
005 20260306145744.0
008 260306t2012||||xx |||||||||||||| ||spa||
041 _aESP
082 _a320.1
_bU853
100 _aUmeres, Humberto
_eAUT
245 0 _aMaquiavelo y el poder
260 _c2012
300 _a91 páginas :
_c21 cm.
650 _aGEN
654 _aCDE
942 _cLIB
_dJUS
_fJUS
_2ddc
_n
999 _c4283
_d4283